О научно-педагогической деятельности Анатолия Анатольевича Макеева; Теплофизические основы энергетических технологий

Detalhes bibliográficos
Parent link:Теплофизические основы энергетических технологий.— 2009.— [С. 4-7]
Autor principal: Заворин А. С. Александр Сергеевич
Outros Autores: Любимова Л. Л. Людмила Леонидовна, Казаков А. В. Александр Владимирович
Resumo:Заглавие с титульного листа
Idioma:russo
Publicado em: 2009
Assuntos:
Acesso em linha:http://www.lib.tpu.ru/fulltext/c/2009/C02/001.pdf
Formato: Recurso Electrónico Capítulo de Livro
KOHA link:https://koha.lib.tpu.ru/cgi-bin/koha/opac-detail.pl?biblionumber=233753

MARC

LEADER 00000naa2a2200000 4500
001 233753
005 20260119142428.0
035 |a (RuTPU)RU\TPU\book\254834 
035 |a RU\TPU\book\254812 
090 |a 233753 
100 |a 20130311d2009 k y0rusy50 ca 
101 0 |a rus 
102 |a RU 
135 |a drcn ---uucaa 
181 0 |a i  
182 0 |a b 
200 1 |a О научно-педагогической деятельности Анатолия Анатольевича Макеева  |f А. С. Заворин, Л. Л. Любимова, А. В. Казаков 
203 |a Текст  |c электронный 
215 |a 1 файл (475 Kb) 
300 |a Заглавие с титульного листа 
337 |a Adobe Reader 
463 1 |0 (RuTPU)RU\TPU\book\176746  |t Теплофизические основы энергетических технологий  |o материалы региональной научно-практической конференции, 25 - 27 июня 2009 г., Томск   |f Томский политехнический университет (ТПУ) ; под общ. ред. Г. В. Кузнецова [и др.].  |v [С. 4-7]  |d 2009 
610 1 |a труды учёных ТПУ 
610 1 |a электронный ресурс 
610 1 |a преподаватели 
610 1 |a университеты 
610 1 |a кафедры 
610 1 |a парогенераторостроение 
610 1 |a теплофизика 
610 1 |a технические вузы 
700 1 |a Заворин  |b А. С.  |c специалист в области теплотехники  |c профессор Томского политехнического университета, доктор технических наук  |f 1946-  |g Александр Сергеевич  |3 (RuTPU)RU\TPU\pers\25896 
701 1 |a Любимова  |b Л. Л.  |c российский ученый, специалист в области парогенераторных установок  |c доцент Томского политехнического университета, кандидат технических наук  |f 1947-  |g Людмила Леонидовна  |3 (RuTPU)RU\TPU\pers\25982 
701 1 |a Казаков  |b А. В.  |c специалист в области теплоэнергетики  |c доцент Томского политехнического университета, кандидат технических наук  |f 1976-  |g Александр Владимирович  |3 (RuTPU)RU\TPU\pers\25669 
801 1 |a RU  |b 63413507  |c 20120830 
801 2 |a RU  |b 63413507  |c 20150313  |g RCR 
856 4 |u http://www.lib.tpu.ru/fulltext/c/2009/C02/001.pdf 
942 |c CF